|
|
|
|
| LEADER |
01377nam a22002657a 4500 |
| 001 |
AAL7921 |
| 003 |
BD-DhAAL |
| 005 |
20160216132101.0 |
| 008 |
160216s2010 bg ||||| |||| 00| 0 ben d |
| 020 |
|
|
|a 9847009300110
|
| 040 |
|
|
|a BD-DhAAL
|c BD-DhAAL
|
| 082 |
|
|
|2 22
|a 954.0350922
|
| 100 |
|
|
|a গান্ধী, মহাত্মা
|9 18010
|
| 245 |
|
|
|a অটোবায়োগ্রাফী অব মহাত্মা গান্ধী :
|b এ্যান অটোবায়োগ্রাফী অব দ্য স্টোরী অব মাই এক্মপেরিমেন্টস উইথ ট্রুথ অবলম্বনে /
|c মহাত্মা গান্ধী, অনুবাদ নাজমুল আলম
|
| 246 |
|
|
|a An autobiography of the story of my experiments with truth
|
| 264 |
|
|
|a ঢাকা :
|b নালন্দা,
|c ২০১০
|
| 300 |
|
|
|a ৩৯৮ পৃ. :
|c ২২ সে. মি.
|
| 541 |
|
|
|e 7921
|
| 600 |
|
|
|a Ghandi, Mahatma
|9 18011
|
| 650 |
|
|
|a Autobiography
|x Political aspects
|z India
|9 18012
|
| 700 |
|
|
|a আলম, নাজমুল
|9 18013
|
| 852 |
|
|
|a Ayesha Abed Library
|c General Stacks
|
| 942 |
|
|
|2 ddc
|c BK
|
| 999 |
|
|
|c 36869
|d 36869
|
| 952 |
|
|
|0 0
|1 0
|2 ddc
|4 0
|6 954_035092200000000_GAN
|7 0
|9 58034
|a SCL
|b SCL
|c GEN
|d 2016-02-16
|l 3
|m 2
|o 954.0350922 GAN
|p 3020007921
|r 2025-11-30
|s 2025-11-25
|t 1
|w 2016-02-16
|y BK
|